Flexibilní pracovní místa
Flexibilné pracovné miesta (FPM) v ekonomickom kontexte. FPM v kontexte praktických zahraničných skúseností. FPM v kontexte zamestnanosti a ekonomického rastu. FPM v kontexte sociálnej politiky.
Na minha lista:
| Autor principal: | |
|---|---|
| Formato: | Capítulo de Livro |
| Idioma: | tcheco |
| Assuntos: | |
| Tags: |
Sem tags, seja o primeiro a adicionar uma tag!
|
MARC
| LEADER | 00000naa a2200000 4500 | ||
|---|---|---|---|
| 001 | 0253160 | ||
| 005 | 20190423103916.6 | ||
| 041 | 0 | |a cze | |
| 044 | |a CZ | ||
| 245 | 1 | 0 | |a Flexibilní pracovní místa |c Alena Čarvašová |
| 520 | |a Flexibilné pracovné miesta (FPM) v ekonomickom kontexte. FPM v kontexte praktických zahraničných skúseností. FPM v kontexte zamestnanosti a ekonomického rastu. FPM v kontexte sociálnej politiky. | ||
| 610 | 2 | 0 | |a miesta pracovné |
| 610 | 2 | 0 | |a flexibilita |
| 610 | 2 | 0 | |a trh práce |
| 610 | 2 | 0 | |a politika sociálna |
| 610 | 2 | 0 | |a politika hospodárska |
| 610 | 2 | 0 | |a rovnosť rodová |
| 610 | 2 | 0 | |a doba pracovná |
| 100 | 1 | |a Čarvašová, Alena | |